Wszystkie części miasta Chojnice - Statystyki

Ogólne statystyki
  • Ten quiz został rozwiązany 7 razy
  • Średni wynik to 2 z 6
Statystyki odpowiedzi
Część Odpowiedź % Poprawnych
Część Grunowo
80%
Część Igły
60%
Część Dolina
40%
Część Małe Osady
20%
Część Podlesie
20%
Część Zamieście
20%
Nie znaleziono quizów pasujących do podanych kryteriów
Rozkład punktacji
Procent ludzi z każdym wynikiem
Percentyl według liczby udzielonych odpowiedzi
Twoja historia wyników
Nie rozwiązałeś tego quizu